| 000 | 00633nam a2200205Ia 4500 | ||
|---|---|---|---|
| 003 | IN-BaIIA | ||
| 008 | 211028s9999 xx 000 0 eng d | ||
| 020 | _a412-11650-2 | ||
| 040 | _cIIA Library | ||
| 080 |
_a539.2 _bDRI |
||
| 100 |
_aDrickamer, H. G _97514 |
||
| 245 | 0 |
_aElectronic transitions and the high pressure chemistry and physics of solids _cH. G. Drickamer and C. W. Frank |
|
| 260 |
_aLondon _bChapman and Hall _c1973 |
||
| 300 | _ax, 220p. | ||
| 490 | _aStudies in chemical physics | ||
| 650 | _aAstronomy and astrophysics thesaurus | ||
| 650 | _aSolid state physics | ||
| 700 |
_aFrank, C. W. _97515 |
||
| 942 | _cBK | ||
| 999 |
_c4272 _d4272 |
||